| 000 | 01143cam a22003134a 4500 | ||
|---|---|---|---|
| 001 | 4994724 | ||
| 003 | OSt | ||
| 005 | 20150612172242.0 | ||
| 008 | 990310s1999 enka b 001 0 eng | ||
| 010 | _a 99020872 | ||
| 020 | _a0750644397 (pbk.) | ||
| 035 | _a(DLC) 99020872 | ||
| 040 |
_aDLC _cDLC _dDLC |
||
| 042 | _apcc | ||
| 050 | 0 | 0 |
_aTS156.8 _b.O23 1999 |
| 082 | 0 | 0 |
_a658.5 OAK 1999 _221 |
| 100 | 1 |
_aOakland, John S. _95287 |
|
| 245 | 1 | 0 |
_aStatistical process control / _cJohn S. Oakland. |
| 250 | _a4th ed. | ||
| 260 |
_aOxford, [England] ; _aBoston : _bButterworth-Heinemann, _c1999. |
||
| 300 |
_axiii, 425 p. : _bill. ; _c24 cm. |
||
| 504 | _aIncludes bibliographical refreences. | ||
| 650 | 0 |
_aProcess control _xStatistical methods. _95288 |
|
| 856 | 4 | 1 |
_3Table of contents _uhttp://www.loc.gov/catdir/toc/els033/99020872.html |
| 856 | 4 | 2 |
_3Publisher description _uhttp://www.loc.gov/catdir/description/els033/99020872.html |
| 906 |
_a7 _bcbc _corignew _d1 _eocip _f19 _gy-gencatlg |
||
| 942 |
_2z _cSLOAN |
||
| 999 |
_c2038 _d2038 |
||